Web Programming with ASP and COM (Record no. 842449)

MARC details
000 -LEADER
fixed length control field 00277pam a2200109 a 4500
020 ## - INTERNATIONAL STANDARD BOOK NUMBER
Terms of availability
041 ## - LANGUAGE CODE
Language code of original
100 ## - MAIN ENTRY--PERSONAL NAME
Personal name CROUCH (M.)
Relator term author
245 ## - TITLE STATEMENT
Title Web Programming with ASP and COM
Medium Textual Document
260 ## - PUBLICATION, DISTRIBUTION, ETC.
Name of publisher, distributor, etc. Addison Wesley Publishing Co New York,
Date of publication, distribution, etc. 2000
930 ## - EQUIVALENCE OR CROSS-REFERENCE-UNIFORM TITLE HEADING [LOCAL, CANADA]
Uniform title 11691
Holdings
Withdrawn status Lost status Damaged status Not for loan Collection Home library Current library Date acquired Total Checkouts Full call number Barcode Date last seen Copy number Price effective from Koha item type
          Institute of Management & Research, New Delhi Institute of Management & Research, New Delhi 27/06/2000   IMD-26CB0000094 17/08/2023 1 17/08/2023 Book